| 000 | 00361nam a2200133Ia 4500 | ||
|---|---|---|---|
| 008 | 240624s9999 xx 000 0 und d | ||
| 041 | _aeng | ||
| 082 | _a658.155 ZEN | ||
| 100 | _aZENIOS S A | ||
| 245 | _aHANDBOOK OF ASSET AND LIABILITY MANAGEMENT VOLUME 2 | ||
| 260 |
_c2007 _aLondon _bNorth Holland |
||
| 300 | _axxiv, , 1147 , 24 : p. : cm. | ||
| 365 |
_c _b50 |
||
| 999 |
_c27238 _d27238 |
||